000
00246 a2200097 4500
001
57790
100
_a
245
_a
Conflict and consensus ;an introduction to sociology
260
_a
Islamabad
_b
Nationa Book Foundation
_c
090
_c
35450
_d
35450
942
_a
NUST-CAE
_c
_c
28281
999
_c
292863
_d
292863